| 000 | 00740nam a22002297a 4500 | ||
|---|---|---|---|
| 999 |
_c9338 _d9338 |
||
| 003 | AR-CdUCM | ||
| 008 | 190327b ||||| |||| 00| 0 spa d | ||
| 040 |
_aMUNICIPALIDAD PROVINCIAL DEL CUSCO _cBIBLIOTECA MUNICIPAL DEL CUSCO |
||
| 082 |
_a869.56 / _bC19 |
||
| 100 |
_aCalvo, César, _9634 |
||
| 245 |
_aPoemas de César Calvo y Pablo Vitali : _b(Lectura: César Calvo) / |
||
| 260 |
_aLima : _bEdiciones J. Heraud, _c1972. |
||
| 300 |
_a45 páginas ; _c22 cm. |
||
| 500 | _aCon dedicatoria a Luis Nieto -- Donación de la familia Nieto | ||
| 505 | _aContenido : Poesía | ||
| 650 |
_aPoesía _9444 |
||
| 650 |
_aSiglo XX _98 |
||
| 650 |
_aPerú _92178 |
||
| 700 |
_aVitali, Pablo _925467 |
||
| 942 |
_2ddc _cLIBROS |
||
| 945 | _admma | ||